00516nam a2200157Ia 4500003000900000008004100009040003300050041000800083080001100091245009500102260003700197300001600234942000700250952008400257999001700341LK-CoDNM010623t1892 xxu||||| |||| 00| 1 eng d aLK-CoDNMdLK-CoDNMeLK-CoDNM aeng a6 L.13 aCatalogue of the Colombo Museum Library :List of Pali, Sinhalese, and Sanscrit Manuscripts bGeorge J.A. SkeenaColomboc1892 b18p., 22 cm cBK 001040708MONOaMAINbMAINd2023-08-02l0o6 L.13r2023-08-02w2023-08-02yBK c83476d83476